| 000 | 00508nam a2200181Ia 4500 | ||
|---|---|---|---|
| 003 | OSt | ||
| 005 | 20200922124119.0 | ||
| 008 | 190216s9999||||xx |||||||||||||| ||und|| | ||
| 020 | _a9788121928106 | ||
| 040 | _coclc | ||
| 082 |
_a581 _bPAN/B |
||
| 100 |
_aPandey, B P _94781 |
||
| 245 | 0 |
_aBotany For Degree Students B Sc 2nd Year / _cB P Pandey |
|
| 260 |
_bS. Chand & Company, _c2007. _aNew Delhi: |
||
| 300 | _a879p | ||
| 650 | _aBotany | ||
| 942 |
_cBK _2ddc _h581 _iPAN/B _k581 _mPAN/B |
||
| 999 |
_c1894 _d1894 |
||